003940000a2200073000450024501640000004100140016410000280017877301140020610aComunidad de peces y su distribución espacio - temporal en un gradiente de vertimiento de aguas residuales de origen petrogénico en la Orinoquia colombiana0 aEspañol1 aCamargo Zorro, Mauricio1 tRevista de la Academia Colombiana de Ciencias Exactas, Fisicas y Naturales332hSupl. esp.q531-538d1999g23